000 00606cam a2200145 4500500
005 20251012005043.0
041 _afre
042 _adc
100 1 0 _aMusco, Jonas
_eauthor
245 0 0 _aLa ciudadanía sin el Estado-nación. Simona Cerutti, Thomas Glesener y Isabelle Grangaud (eds.), La cité des choses, Une nouvelle histoire de la citoyenneté, éditions Anacharsis, 2024, 480 páginas, 30 euros.
260 _c2024.
500 _a56
786 0 _nÉtudes | Javier | 1 | 2024-12-12 | p. 121-122
856 4 1 _uhttps://shs.cairn.info/revista-etudes-2025-1-page-121?lang=es&redirect-ssocas=7080
999 _c1516445
_d1516445